[Event "SR 3. liga A2 2015/2016"]
[Site "?"]
[Date "2016.02.21"]
[Round "8.5"]
[White "Curidlo, Jan"]
[Black "Skapikova, Lubica"]
[Result "1/2-1/2"]
[WhiteElo "1872"]
[BlackElo "1873"]
[PlyCount "113"]
[EventDate "2016.??.??"]

1. e4 e5 2. Nf3 Nc6 3. Bb5 a6 4. Ba4 Nf6 5. d3 Be7 6. c3 b5 7. Bc2 O-O 8. O-O
d6 9. h3 h6 10. Be3 Nh7 11. d4 Bg5 12. Nxg5 Nxg5 13. f4 exf4 14. Bxf4 f5 15.
Nd2 fxe4 16. Nxe4 Ne6 17. Qd2 Nxf4 18. Rxf4 Rxf4 19. Qxf4 Be6 20. Re1 Qd7 21.
Qg3 Rf8 22. Qe3 Bf5 23. Bb3+ Kh8 24. Ng3 Bg6 25. Bd5 Re8 26. Qf2 Rxe1+ 27. Qxe1
Nd8 28. Qf2 Qe7 29. Ne2 c6 30. Nf4 Be8 31. Bb3 g5 32. Ne2 Bg6 33. Ng3 Kh7 34.
Bc2 Qf7 35. Bxg6+ Qxg6 36. Nf5 Qf6 37. g4 Ne6 38. Qc2 Nf4 39. Kh2 Kh8 40. Qe4
d5 41. Qe8+ Kh7 42. Qe7+ Qxe7 43. Nxe7 b4 44. Nxc6 bxc3 45. bxc3 Ne2 46. a4
Nxc3 47. a5 Nb5 48. Kg3 Kg6 49. Kf3 Kf6 50. Ke3 Ke6 51. Kd3 Kd6 52. Nb4 Na3 53.
Nxa6 Nc4 54. Nb4 Nxa5 55. Nc2 Nc6 56. Ke2 Ke6 57. Kf3 1/2-1/2

[Event "SR 3. liga A2 2015/2016"]
[Site "?"]
[Date "2016.02.21"]
[Round "8.5"]
[White "Palka, Miroslav"]
[Black "Slaby, Jozef"]
[Result "1-0"]
[WhiteElo "1927"]
[BlackElo "1799"]
[PlyCount "99"]
[EventDate "2016.??.??"]

1. c4 e6 2. Nc3 d5 3. e3 Nf6 4. Nf3 Be7 5. d4 O-O 6. Bd3 dxc4 7. Bxc4 b6 8. O-O
Bb7 9. Qe2 a5 10. b3 Ba6 11. Bb2 Bxc4 12. Qxc4 c6 13. Rfd1 b5 14. Qe2 Qb6 15.
Rac1 Na6 16. Ne5 Rfd8 17. Qf3 Rac8 18. Ne4 Nb4 19. a3 Nbd5 20. Nc5 Bd6 21. e4
Ne7 22. Nxf7 Kxf7 23. e5 Ned5 24. exd6 Rxd6 25. Re1 Re8 26. Rc2 Nc7 27. Rce2
Kg8 28. Qf4 Red8 29. h3 Ncd5 30. Qf3 b4 31. Nxe6 Re8 32. Qg3 Rd7 33. Nc5 Rxe2
34. Rxe2 Rf7 35. a4 h6 36. Re6 Re7 37. Rxe7 Nxe7 38. Bc1 Kh7 39. Ne6 Ne8 40.
Qe5 Qb7 41. Qe4+ Kg8 42. Nd8 Qc7 43. Qe6+ Kh7 44. Nf7 Nd5 45. Qxe8 Nf6 46. Qh8+
Kg6 47. Ne5+ Kf5 48. Qf8 Ke4 49. Qc5 Nd5 50. g4 1-0

[Event "SR 3. liga A2 2015/2016"]
[Site "?"]
[Date "2016.02.21"]
[Round "8.5"]
[White "Slaba, Andrea"]
[Black "Huska, Branislav"]
[Result "1/2-1/2"]
[WhiteElo "1768"]
[BlackElo "1803"]
[PlyCount "44"]
[EventDate "2016.??.??"]

1. Nf3 c5 2. c4 Nc6 3. Nc3 g6 4. g3 Bg7 5. Bg2 e6 6. O-O Nge7 7. d3 O-O 8. Bf4
a6 9. Qd2 d5 10. cxd5 exd5 11. Bh6 Be6 12. Bxg7 Kxg7 13. e4 d4 14. Ne2 h6 15.
Ne1 Qd7 16. Nf4 Ne5 17. Nxe6+ fxe6 18. f4 Ng4 19. Nc2 Rad8 20. h3 Ne3 21. Rf3
Nxg2 22. Kxg2 h5 1/2-1/2

[Event "SR 3. liga A2 2015/2016"]
[Site "?"]
[Date "2016.02.21"]
[Round "8.5"]
[White "Kir, Kvetoslav"]
[Black "Musaev, Urmat"]
[Result "1/2-1/2"]
[WhiteElo "1759"]
[BlackElo "1000"]
[PlyCount "35"]
[EventDate "2016.??.??"]

1. d4 Nf6 2. c4 g6 3. Nc3 Bg7 4. e4 d6 5. f3 b6 6. Be3 Bb7 7. Qd2 O-O 8. Bh6
Nbd7 9. Bxg7 Kxg7 10. Nge2 Rc8 11. O-O-O c6 12. Kb1 Ba6 13. Nc1 Rb8 14. g4 b5
15. cxb5 Bxb5 16. Bxb5 cxb5 17. h4 b4 18. Na4 1/2-1/2

[Event "SR 3. liga A2 2015/2016"]
[Site "?"]
[Date "2016.02.21"]
[Round "8.6"]
[White "Packa, Ladislav"]
[Black "Diviak, Rastislav"]
[Result "1/2-1/2"]
[WhiteElo "2161"]
[BlackElo "1964"]
[PlyCount "44"]
[EventDate "2016.??.??"]

1. d4 d5 2. c4 c6 3. Nf3 Nf6 4. Nc3 e6 5. Bg5 Nbd7 6. cxd5 exd5 7. e3 Be7 8.
Bd3 O-O 9. Qc2 Re8 10. O-O Nf8 11. Rab1 Bg4 12. Ne5 Bh5 13. b4 a6 14. a4 Bg6
15. b5 axb5 16. axb5 Bxd3 17. Qxd3 N6d7 18. Nxd7 Nxd7 19. bxc6 bxc6 20. Bxe7
Qxe7 21. Qc2 Ra6 22. Rfc1 Nb6 1/2-1/2

[Event "SR 3. liga A2 2015/2016"]
[Site "?"]
[Date "2016.02.21"]
[Round "8.6"]
[White "Ocko, Martin"]
[Black "Jablonicky, Frantisek"]
[Result "1/2-1/2"]
[WhiteElo "1936"]
[BlackElo "2128"]
[PlyCount "84"]
[EventDate "2016.??.??"]

1. Nf3 f5 2. b3 d6 3. d4 Nf6 4. g3 g6 5. Bg2 Bg7 6. O-O O-O 7. e3 Qe8 8. Bb2 h6
9. c4 Nbd7 10. d5 e5 11. dxe6 Qxe6 12. Qc2 Ne5 13. Nc3 c6 14. Rad1 Bd7 15. Rd2
Rad8 16. Rfd1 Nf7 17. Ne2 Nh5 18. Bxg7 Kxg7 19. c5 d5 20. b4 a6 21. a3 Qf6 22.
Qb2 Rfe8 23. Ned4 Kh7 24. a4 Ng7 25. Bf1 Ne5 26. Nxe5 Qxe5 27. b5 axb5 28. axb5
Ne6 29. Nxe6 Rxe6 30. Qxe5 Rxe5 31. bxc6 bxc6 32. Rb2 Re7 33. Rb7 Rde8 34. Ra1
Be6 35. Raa7 Rxb7 36. Rxb7+ Kg8 37. Rc7 Rc8 38. Re7 Bf7 39. Ba6 Ra8 40. Bb7 Ra5
41. Bxc6 Rxc5 42. Be8 Bxe8 1/2-1/2

[Event "SR 3. liga A2 2015/2016"]
[Site "?"]
[Date "2016.02.21"]
[Round "8.6"]
[White "Slobodnik, Michal"]
[Black "Nemeckay, Rastislav"]
[Result "1/2-1/2"]
[WhiteElo "2025"]
[BlackElo "2014"]
[PlyCount "97"]
[EventDate "2016.??.??"]

1. d4 d5 2. c4 c6 3. Nc3 Nf6 4. Nf3 e6 5. Bg5 Nbd7 6. e3 Qa5 7. Nd2 a6 8. Nb3
Qc7 9. Bf4 Bd6 10. Bxd6 Qxd6 11. c5 Qe7 12. f4 Ne4 13. Nxe4 dxe4 14. Nd2 f5 15.
Nc4 O-O 16. Qb3 Nf6 17. Nd6 Nd5 18. Bc4 b5 19. Bxd5 exd5 20. a4 Be6 21. a5 g5
22. fxg5 Qxg5 23. O-O-O Rf6 24. g3 Raf8 25. Rdf1 Kh8 26. Rf4 Bd7 27. Rhf1 Kg7
28. Qc2 h5 29. Qe2 Kh6 30. b4 Kg7 31. Kd2 Kh6 32. Qf2 Kg7 33. h3 Kg6 34. Qg2
Kg7 35. Qh2 Rh8 36. Rg1 Kf8 37. Rgf1 Ke7 38. g4 hxg4 39. Rxf5 Bxf5 40. Qe5+ Kd7
41. hxg4 Rhf8 42. Nxf5 Re6 43. Qh2 Qg6 44. Rf4 Ref6 45. Qh3 Qg5 46. Ke2 Ke6 47.
Qg3 Kd7 48. Rf2 Qg6 49. Rf4 1/2-1/2

[Event "SR 3. liga A2 2015/2016"]
[Site "?"]
[Date "2016.02.21"]
[Round "8.6"]
[White "Danada, Ondrej"]
[Black "Horecky, Peter"]
[Result "0-1"]
[WhiteElo "1944"]
[BlackElo "2031"]
[PlyCount "92"]
[EventDate "2016.??.??"]

1. e4 Nf6 2. Nc3 d5 3. exd5 Nxd5 4. Bc4 c6 5. Qf3 Nf6 6. h3 g6 7. Nge2 Bg7 8.
d4 Nbd7 9. O-O O-O 10. Bf4 Nb6 11. Bb3 Nbd5 12. Be5 e6 13. Ne4 Nxe4 14. Qxe4 f5
15. Qd3 Bxe5 16. dxe5 Qc7 17. f4 b6 18. c4 Ba6 19. Qd2 Ne7 20. c5 Nd5 21. Nd4
Rfe8 22. Rfc1 b5 23. Bxd5 cxd5 24. b4 Rab8 25. Rc3 Kf7 26. Ra3 Bc8 27. Ra5 a6
28. Qe3 Qd7 29. Qg3 Kg7 30. a4 bxa4 31. R1xa4 Qc7 32. Qh4 Rxb4 33. Qf6+ Kg8 34.
Rxb4 Qxa5 35. Rb8 Qxc5 36. Kh2 Qxd4 37. Rxc8 Qxf4+ 38. Kh1 Rxc8 39. Qxe6+ Kg7
40. Qxc8 Qxe5 41. Qxa6 d4 42. Qb7+ Kh6 43. Qd7 Qe4 44. Qd8 d3 45. h4 Qe1+ 46.
Kh2 d2 0-1

[Event "SR 3. liga A2 2015/2016"]
[Site "?"]
[Date "2016.02.21"]
[Round "8.6"]
[White "Lukacovic, Miroslav"]
[Black "Skapik, Branislav"]
[Result "1-0"]
[WhiteElo "2019"]
[BlackElo "1866"]
[PlyCount "125"]
[EventDate "2016.??.??"]

1. d4 d5 2. c4 e6 3. Nf3 Nf6 4. g3 Be7 5. Bg2 O-O 6. O-O c6 7. Nc3 Nbd7 8. b3
Bb4 9. Bb2 Re8 10. Qc2 b6 11. Ne5 Nxe5 12. dxe5 Nd7 13. Nb1 Bb7 14. a3 Bf8 15.
Nd2 Rc8 16. f4 Qc7 17. Nf3 c5 18. h4 d4 19. e3 Red8 20. Rad1 a6 21. h5 Be7 22.
Qf2 f5 23. Rd3 b5 24. cxb5 axb5 25. exd4 Bxf3 26. Qxf3 cxd4 27. Rc1 Qb8 28.
Rxc8 Qxc8 29. b4 Nb6 30. Qc6 Qxc6 31. Bxc6 Nc4 32. Bc1 Rc8 33. Bd7 Nxe5 34.
Bxe6+ Kf8 35. Rd1 Rc3 36. fxe5 Rxg3+ 37. Kh2 Rc3 38. Bxf5 Bh4 39. Bd3 Ke7 40.
Bxb5 Bg3+ 41. Kg2 Bxe5 42. Bd3 h6 43. Kf3 Ke6 44. Ke4 Rc7 45. Bb2 Ra7 46. Rf1
Bf6 47. Rf5 Re7 48. Kf3 Kd6 49. Kf2 Re3 50. Rf3 Kd5 51. a4 Re5 52. Rf5 Rxf5+
53. Bxf5 Kc4 54. a5 Bd8 55. a6 Bb6 56. Ke2 Kb3 57. Bc1 Kxb4 58. Kd3 Kc5 59.
Ba3+ Kd5 60. Bf8 Ke5 61. Bg6 Kf6 62. Kc4 Ba7 63. Bc5 1-0

[Event "SR 3. liga A2 2015/2016"]
[Site "?"]
[Date "2016.02.21"]
[Round "8.6"]
[White "Pericka, Pavol"]
[Black "Cmarada, Juraj"]
[Result "1-0"]
[WhiteElo "1781"]
[BlackElo "1678"]
[PlyCount "61"]
[EventDate "2016.??.??"]

1. e4 c5 2. Bc4 e6 3. Qe2 d6 4. Nf3 a6 5. a4 Nc6 6. c3 Nf6 7. d4 Be7 8. O-O d5
9. exd5 exd5 10. Bd3 c4 11. Bc2 Bg4 12. h3 Bh5 13. Bg5 O-O 14. Nbd2 h6 15. Be3
Qd6 16. b3 b5 17. g3 Qe6 18. Rfe1 Qxh3 19. Bf4 Rae8 20. Qf1 Qd7 21. Kg2 Bg4 22.
Qh1 Bf5 23. axb5 axb5 24. Bxf5 Qxf5 25. bxc4 bxc4 26. Ra6 Qd7 27. Bxh6 Nb8 28.
Bxg7 Kxg7 29. Re5 Nh7 30. Qh6+ Kg8 31. Rh5 1-0

[Event "SR 3. liga A2 2015/2016"]
[Site "?"]
[Date "2016.02.21"]
[Round "8.6"]
[White "Cvirik, Vladimir"]
[Black "Ulehla, Jakub"]
[Result "1-0"]
[WhiteElo "1864"]
[BlackElo "1681"]
[PlyCount "45"]
[EventDate "2016.??.??"]

1. d4 d5 2. c4 c6 3. Nc3 e6 4. e4 Bb4 5. exd5 exd5 6. a3 Bxc3+ 7. bxc3 Nf6 8.
Bg5 O-O 9. cxd5 cxd5 10. Qb3 Nbd7 11. Nf3 Re8+ 12. Be2 Qe7 13. Ra2 b6 14. O-O
Bb7 15. Bb5 Qd6 16. Bxf6 gxf6 17. Qc2 Kh8 18. Qf5 Bc8 19. Qh5 Re7 20. Qh6 a6
21. Bd3 Re4 22. Ng5 Rh4 23. Qxh4 1-0

[Event "SR 3. liga A2 2015/2016"]
[Site "?"]
[Date "2016.03.06"]
[Round "?"]
[White "Jablonicky, Martin"]
[Black "Bisco, Igor"]
[Result "0-1"]
[WhiteElo "2255"]
[BlackElo "2091"]
[PlyCount "92"]
[EventDate "2016.??.??"]

1. c4 Nf6 2. Nf3 g6 3. Nc3 Bg7 4. d4 O-O 5. e4 d6 6. Be2 e5 7. O-O Nc6 8. d5
Ne7 9. Ne1 Nd7 10. g4 Kh8 11. Be3 f5 12. f3 Ng8 13. b4 a5 14. bxa5 Rxa5 15. Nd3
b6 16. Nb5 Ndf6 17. Nf2 Ne8 18. a4 Qh4 19. Bd2 Ra8 20. a5 bxa5 21. Rxa5 Rxa5
22. Bxa5 Bh6 23. Kg2 Ngf6 24. Be1 Be3 25. h3 Rg8 26. Qd3 Qh6 27. Nd1 Bf4 28.
Bf2 fxg4 29. fxg4 Rf8 30. Rh1 Qg7 31. Bf3 Kg8 32. Kf1 Nd7 33. Ke2 Nc5 34. Qa3
Qf6 35. Nb2 Qe7 36. Bxc5 dxc5 37. Nd3 Nd6 38. Qxc5 Qf6 39. Qxc7 Bh6 40. Rf1 Qg5
41. Kf2 Nxb5 42. cxb5 Qd2+ 43. Kg3 Qxd3 44. Kg2 Be3 45. b6 Ba6 46. Be2 Qxe2+
0-1

[Event "SR 3. liga A2 2015/2016"]
[Site "?"]
[Date "2016.03.06"]
[Round "?"]
[White "Malar, Pavol"]
[Black "Packa, Ladislav"]
[Result "1-0"]
[WhiteElo "2086"]
[BlackElo "2161"]
[PlyCount "123"]
[EventDate "2016.??.??"]

1. e4 e5 2. Nf3 Nc6 3. Bb5 a6 4. Ba4 Nf6 5. O-O Be7 6. Re1 b5 7. Bb3 O-O 8. c3
d6 9. h3 Na5 10. Bc2 c5 11. d3 Re8 12. Nbd2 Bf8 13. Nf1 g6 14. Bg5 h6 15. Be3
Bg7 16. Ng3 Qc7 17. Nh2 d5 18. Qf3 dxe4 19. dxe4 Qe7 20. Rad1 Be6 21. b3 Nc6
22. h4 a5 23. h5 b4 24. hxg6 fxg6 25. Rd5 Nd7 26. Ng4 Qf8 27. Qxf8+ Rxf8 28.
Nxh6+ Kh7 29. Rd6 Nd8 30. Nhf5 Bf6 31. Red1 Rf7 32. Ne2 a4 33. Nfg3 axb3 34.
Bxb3 c4 35. Bxc4 Bxc4 36. Rxd7 Rxa2 37. Nc1 b3 38. Nxa2 bxa2 39. Nf1 Bb3 40.
Rxf7+ Nxf7 41. Ra1 Nd6 42. Nd2 Bf7 43. Bc5 Bg5 44. Bxd6 Bxd2 45. Bxe5 Bc4 46.
Bd4 g5 47. f3 Kg6 48. Kf2 Kf7 49. g3 Kg6 50. Be5 Kf7 51. f4 Ke6 52. Kf3 gxf4
53. gxf4 Kd7 54. f5 Kc6 55. f6 Kd7 56. Bd4 Ke6 57. e5 Kf7 58. Ke4 Ke6 59. Rg1
Kf7 60. Rg7+ Ke8 61. Ra7 Bc1 62. Kf5 1-0

[Event "SR 3. liga A2 2015/2016"]
[Site "?"]
[Date "2016.03.06"]
[Round "?"]
[White "Jablonicky, Frantisek"]
[Black "Skocik, Jozef"]
[Result "1-0"]
[WhiteElo "2118"]
[BlackElo "1871"]
[PlyCount "131"]
[EventDate "2016.??.??"]

1. Nf3 e6 2. c4 Nf6 3. g3 b6 4. Bg2 Bb7 5. O-O Be7 6. d4 O-O 7. Nc3 d5 8. b3 c5
9. cxd5 Nxd5 10. Nxd5 Bxd5 11. dxc5 Bxc5 12. Bb2 Qe7 13. Qd2 Nd7 14. Rfd1 Rfd8
15. Qf4 Rac8 16. e4 Ba8 17. a3 b5 18. h4 Nf6 19. b4 Bb6 20. Rxd8+ Qxd8 21. Bxf6
Qxf6 22. Qxf6 gxf6 23. Ne1 Rc4 24. Bf1 Rxe4 25. Bxb5 f5 26. Bf1 Rd4 27. Nc2 Rd2
28. Ne3 Bxe3 29. fxe3 Kf8 30. Rc1 Ke7 31. Rc7+ Rd7 32. Rxd7+ Kxd7 33. Kf2 Kd6
34. Ke2 Bd5 35. Kd2 Bc6 36. Kc3 Bb7 37. Kd4 e5+ 38. Kc3 f6 39. Bd3 Bc8 40. Bc4
h6 41. Bf7 Bb7 42. Kc4 Bc6 43. b5 Bf3 44. Kb4 Bb7 45. Bh5 Be4 46. Be2 Bb7 47.
Bd3 Bc8 48. Be2 Bb7 49. Bf1 Be4 50. Bc4 Bb7 51. a4 Bc8 52. Bf1 Bb7 53. Bh3 Bc8
54. e4 Bd7 55. Bxf5 Bxf5 56. exf5 e4 57. Kc4 Ke5 58. a5 Kxf5 59. b6 axb6 60.
axb6 Kg4 61. b7 Kxg3 62. b8=Q+ Kxh4 63. Qf4+ Kh5 64. Qf5+ Kh4 65. Qxf6+ Kh5 66.
Kd4 1-0

[Event "SR 3. liga A2 2015/2016"]
[Site "?"]
[Date "2016.03.06"]
[Round "?"]
[White "Barca, Michal"]
[Black "Slobodnik, Michal"]
[Result "0-1"]
[WhiteElo "1851"]
[BlackElo "2031"]
[PlyCount "76"]
[EventDate "2016.??.??"]

1. c4 c6 2. Nc3 d5 3. cxd5 cxd5 4. d4 Nf6 5. Nf3 Nc6 6. g3 Bf5 7. a3 e6 8. Bg2
h6 9. O-O Bd6 10. Qb3 Qd7 11. Bd2 Rc8 12. Nh4 Nxd4 13. Qd1 Bc2 14. Qe1 Bb3 15.
Rc1 O-O 16. e3 Nc6 17. Kh1 Ne5 18. Ra1 Nd3 19. Qb1 Bc4 20. b3 Ba6 21. Nf3 e5
22. Kg1 Rc7 23. Rd1 Rfc8 24. Bf1 e4 25. Nd4 Rxc3 26. Bxc3 Rxc3 27. b4 Bc4 28.
Bxd3 Rxd3 29. Qc2 Qh3 30. Rxd3 exd3 31. Qb2 Be5 32. f3 h5 33. Re1 h4 34. g4
Bxd4 35. Qxd4 Qxf3 36. g5 Ne4 37. Rf1 Qg4+ 38. Kh1 h3 0-1

[Event "SR 3. liga A2 2015/2016"]
[Site "?"]
[Date "2016.03.06"]
[Round "?"]
[White "Horecky, Peter"]
[Black "Janas, Peter"]
[Result "1-0"]
[WhiteElo "2039"]
[BlackElo "1681"]
[PlyCount "111"]
[EventDate "2016.??.??"]

1. d4 e6 2. c4 Nf6 3. Nf3 b6 4. e3 Bb7 5. Bd3 Be7 6. O-O O-O 7. Nbd2 d6 8. Qc2
g6 9. e4 Nbd7 10. b3 Nh5 11. g3 Bf6 12. Bb2 Bg7 13. e5 f5 14. exf6 Qxf6 15. Nh4
Nf4 16. Ne4 Qe7 17. Ng2 Nh3+ 18. Kh1 Nf6 19. f3 Nxe4 20. Bxe4 d5 21. cxd5 exd5
22. Bd3 Ng5 23. Rae1 Qd7 24. f4 Ne4 25. Ne3 Rac8 26. Kg1 Nd6 27. f5 g5 28. Ng4
Ne4 29. Ne3 Nf6 30. b4 a6 31. a4 c6 32. Qe2 b5 33. Ng4 Rce8 34. Qf3 Rxe1 35.
Rxe1 Nxg4 36. Qxg4 Bf6 37. Re6 Qf7 38. Qe2 Kg7 39. a5 Kg8 40. Qe3 h6 41. Kg2
Qc7 42. h4 Bc8 43. hxg5 Bxe6 44. Qxe6+ Kg7 45. gxf6+ Rxf6 46. Qe5 Qf7 47. Bc1
Kh7 48. Bf4 Kg8 49. Qb8+ Qf8 50. Qxf8+ Kxf8 51. Be5 Rf7 52. f6 Ra7 53. Bg6 Rd7
54. Bf4 c5 55. dxc5 d4 56. c6 1-0

[Event "SR 3. liga A2 2015/2016"]
[Site "?"]
[Date "2016.03.06"]
[Round "?"]
[White "Niznansky, Lukas"]
[Black "Lukacovic, Miroslav"]
[Result "0-1"]
[WhiteElo "1684"]
[BlackElo "1998"]
[PlyCount "52"]
[EventDate "2016.??.??"]

1. e4 e6 2. d4 d5 3. exd5 exd5 4. Nf3 Bg4 5. Be2 Nc6 6. O-O Nge7 7. Bg5 f6 8.
Be3 Qd7 9. b3 O-O-O 10. c4 g5 11. Nc3 h5 12. cxd5 Nxd5 13. Nxd5 Qxd5 14. Rc1
Ba3 15. Rc4 Bd6 16. Nd2 Bxe2 17. Qxe2 g4 18. Rfc1 f5 19. Bg5 Rde8 20. Qd3 h4
21. Nf1 f4 22. Bf6 Rh6 23. Bg7 Rhe6 24. Qd1 Rg6 25. Be5 h3 26. g3 Qg2# 0-1

[Event "SR 3. liga A2 2015/2016"]
[Site "?"]
[Date "2016.03.06"]
[Round "?"]
[White "Cmarada, Juraj"]
[Black "Jancicka, Viliam"]
[Result "1-0"]
[WhiteElo "1764"]
[BlackElo "1652"]
[PlyCount "115"]
[EventDate "2016.??.??"]

1. e4 c5 2. Nf3 Nc6 3. d4 cxd4 4. Nxd4 e5 5. Nb5 d6 6. c4 a6 7. N5a3 Nf6 8. Nc3
Be7 9. Be2 Bd7 10. O-O Nd4 11. Bd3 O-O 12. Be3 Bc6 13. Bxd4 exd4 14. Nd5 Bxd5
15. cxd5 Nd7 16. Rc1 Rc8 17. Qd2 b5 18. Bb1 Qb6 19. f4 Bf6 20. Kh1 Rfe8 21.
Rxc8 Rxc8 22. g4 g6 23. g5 Bg7 24. Bd3 Nc5 25. Rc1 Qb7 26. Bb1 f5 27. gxf6 Bxf6
28. Rg1 Kf7 29. Qg2 d3 30. Rf1 Ke7 31. b4 Nd7 32. e5 Bg7 33. Qg5+ Kf8 34. exd6
Re8 35. Bxd3 Nf6 36. Qg2 Qxd5 37. Qxd5 Nxd5 38. d7 Rd8 39. f5 g5 40. Be4 Rxd7
41. Nc2 Bf6 42. Rd1 Nb6 43. Rxd7 Nxd7 44. Bb7 Nb8 45. Kg2 Bc3 46. Kf3 a5 47.
bxa5 Bxa5 48. Ke4 Ke7 49. Kd5 Nd7 50. Bc6 Nf6+ 51. Kc5 h5 52. Kxb5 Bc7 53. Nd4
Bxh2 54. a4 g4 55. a5 Bc7 56. a6 Bb8 57. Kb6 h4 58. Kb7 1-0

[Event "SR 3. liga A2 2015/2016"]
[Site "?"]
[Date "2016.03.06"]
[Round "?"]
[White "Javor, Jozef"]
[Black "Cvirik, Vladimir"]
[Result "0-1"]
[WhiteElo "1337"]
[BlackElo "1863"]
[PlyCount "64"]
[EventDate "2016.??.??"]

1. d4 d5 2. c4 e6 3. Bf4 Nf6 4. Nc3 a6 5. a3 Nc6 6. Nf3 Be7 7. e3 O-O 8. Bd3
dxc4 9. Bxc4 b5 10. Bb3 Na5 11. Bc2 Bb7 12. O-O c5 13. dxc5 Qxd1 14. Rfxd1 Rfd8
15. Bc7 Rxd1+ 16. Rxd1 Nc4 17. Rb1 Bxc5 18. Bb3 Bxf3 19. gxf3 Nd2 20. Bc2 Nxb1
21. Bxb1 Rc8 22. Bg3 Bxa3 23. bxa3 Rxc3 24. Be4 Nxe4 25. fxe4 Rxa3 26. Kf1 Ra2
27. Ke1 Ra4 28. e5 Rc4 29. Kd2 a5 30. Kd3 a4 31. f4 a3 32. Be1 a2 0-1

[Event "SR 3. liga A2 2015/2016"]
[Site "?"]
[Date "2016.03.06"]
[Round "9.2"]
[White "Gasa, Andrej"]
[Black "Pericka, Tomas"]
[Result "1/2-1/2"]
[WhiteElo "2297"]
[BlackElo "1995"]
[PlyCount "67"]
[EventDate "2016.??.??"]

1. e4 c5 2. Nf3 Nc6 3. Bb5 Nd4 4. Nxd4 cxd4 5. O-O g6 6. c3 Bg7 7. d3 e6 8.
cxd4 a6 9. Ba4 b5 10. Bb3 Bxd4 11. Nc3 Bb7 12. Bf4 Ne7 13. Qd2 f5 14. Bh6 Bf6
15. Rfe1 Ng8 16. exf5 gxf5 17. Bf4 Qb6 18. Nd5 Bxd5 19. Bxd5 Rc8 20. Bf3 Ne7
21. Rad1 O-O 22. d4 Ng6 23. Bh6 Rfe8 24. g3 Rc4 25. d5 Rd4 26. Qe2 Rxd1 27.
Rxd1 e5 28. Bh5 Rc8 29. Qf3 Bg7 30. Bxg7 Kxg7 31. Qxf5 Rf8 32. Qc2 Ne7 33. Bg4
d6 34. Rd2 1/2-1/2

[Event "SR 3. liga A2 2015/2016"]
[Site "?"]
[Date "2016.03.06"]
[Round "9.2"]
[White "Diviak, Rastislav"]
[Black "Cajka, Tibor"]
[Result "1-0"]
[WhiteElo "1967"]
[BlackElo "2101"]
[PlyCount "59"]
[EventDate "2016.??.??"]

1. e4 c6 2. d4 g6 3. Bd3 d5 4. e5 h5 5. Nf3 Bh6 6. Be3 Bxe3 7. fxe3 Bf5 8. O-O
Nd7 9. Qe2 Qb6 10. Nbd2 Qxb2 11. Rab1 Qa3 12. Bxf5 gxf5 13. Rxb7 Nb6 14. Ng5
Nh6 15. Nb3 Nc4 16. e6 O-O-O 17. Nc5 f6 18. Nf7 Nxf7 19. exf7 e5 20. Rb3 Qa5
21. Nb7 Qd2 22. Qxd2 Nxd2 23. Nxd8 Rxd8 24. Rxf5 Nxb3 25. Rxf6 Rf8 26. axb3
exd4 27. exd4 Kd7 28. g3 Ke7 29. Rf4 a5 30. Kg2 1-0

[Event "SR 3. liga A2 2015/2016"]
[Site "?"]
[Date "2016.03.06"]
[Round "9.2"]
[White "Sebesta, Radovan"]
[Black "Ocko, Martin"]
[Result "0-1"]
[WhiteElo "2009"]
[BlackElo "1941"]
[PlyCount "102"]
[EventDate "2016.??.??"]

1. d4 Nf6 2. c4 e6 3. Nc3 Bb4 4. e3 O-O 5. Bd3 d5 6. Nge2 c5 7. cxd5 exd5 8.
dxc5 Nbd7 9. O-O Bxc5 10. Nd4 Ne5 11. Be2 Re8 12. b3 h6 13. Bb2 Bxd4 14. Qxd4
Nc6 15. Qh4 Ne4 16. Qxd8 Rxd8 17. Rfd1 Nxc3 18. Bxc3 Bf5 19. Rac1 a5 20. Bb5
Nb4 21. Rd2 Rac8 22. a3 Rc5 23. axb4 axb4 24. Bb2 Rxb5 25. f3 Rc8 26. Rxc8+
Bxc8 27. Rd4 Bf5 28. Bc1 Bc2 29. Bd2 Bxb3 30. Rxb4 Rxb4 31. Bxb4 f5 32. Kf2 Bc4
33. Ke1 Kf7 34. Kd2 Kg6 35. Kc3 Bf1 36. g3 Bg2 37. f4 Kh5 38. Kd4 Kg4 39. Bf8
h5 40. Bxg7 Kh3 41. Bf6 Kxh2 42. Bh4 Be4 43. Ke5 Kh3 44. Kd4 Kg4 45. Kc3 Kf3
46. Kd2 b5 47. Kc3 Kxe3 48. Bf6 b4+ 49. Kxb4 d4 50. Kc4 d3 51. Bd4+ Ke2 0-1

[Event "SR 3. liga A2 2015/2016"]
[Site "?"]
[Date "2016.03.06"]
[Round "9.2"]
[White "Nemeckay, Rastislav"]
[Black "Lanik, Miroslav"]
[Result "1-0"]
[WhiteElo "2017"]
[BlackElo "1897"]
[PlyCount "33"]
[EventDate "2016.??.??"]

1. e4 c5 2. b3 d6 3. Bb2 Nc6 4. Nf3 e6 5. d4 cxd4 6. Nxd4 Bd7 7. g3 Nf6 8. Bg2
Be7 9. O-O Nxd4 10. Qxd4 Qc7 11. c4 Bc6 12. Nc3 a6 13. Rac1 Rd8 14. Nd5 Qb8 15.
Nxe7 Kxe7 16. Ba3 e5 17. Qxe5+ 1-0

[Event "SR 3. liga A2 2015/2016"]
[Site "?"]
[Date "2016.03.06"]
[Round "9.2"]
[White "Palka, Martin"]
[Black "Danada, Ondrej"]
[Result "1/2-1/2"]
[WhiteElo "1901"]
[BlackElo "1948"]
[PlyCount "29"]
[EventDate "2016.??.??"]

1. Nf3 e6 2. c4 f5 3. b3 Nf6 4. Bb2 d5 5. d3 c6 6. Nbd2 Bd6 7. g3 O-O 8. Bg2
Qe7 9. Ne5 Nbd7 10. Nxd7 Bxd7 11. O-O e5 12. e4 fxe4 13. dxe4 d4 14. Qe2 Bg4
15. Qd3 1/2-1/2

[Event "SR 3. liga A2 2015/2016"]
[Site "?"]
[Date "2016.03.06"]
[Round "9.2"]
[White "Skapik, Branislav"]
[Black "Skapikova, Lubica"]
[Result "1/2-1/2"]
[WhiteElo "1845"]
[BlackElo "1870"]
[PlyCount "29"]
[EventDate "2016.??.??"]

1. e4 e5 2. Nf3 Nc6 3. Bb5 a6 4. Ba4 Nf6 5. O-O b5 6. Bb3 Be7 7. Re1 d6 8. c3
O-O 9. h3 Na5 10. Bc2 Re8 11. d4 exd4 12. cxd4 Bf8 13. Nbd2 g6 14. Nf1 Bg7 15.
Ng3 1/2-1/2

[Event "SR 3. liga A2 2015/2016"]
[Site "?"]
[Date "2016.03.06"]
[Round "9.2"]
[White "Palka, Miroslav"]
[Black "Pericka, Pavol"]
[Result "1-0"]
[WhiteElo "1915"]
[BlackElo "1781"]
[PlyCount "27"]
[EventDate "2016.??.??"]

1. c4 e5 2. Nc3 Nc6 3. g3 Nf6 4. Bg2 Bc5 5. e3 d6 6. Nge2 Be6 7. d4 exd4 8.
exd4 Bb6 9. d5 Ne5 10. dxe6 fxe6 11. O-O c6 12. b3 O-O 13. Ba3 Rf7 14. Qxd6 1-0

[Event "SR 3. liga A2 2015/2016"]
[Site "?"]
[Date "2016.03.06"]
[Round "9.2"]
[White "Ulehla, Jakub"]
[Black "Huska, Branislav"]
[Result "1-0"]
[WhiteElo "1645"]
[BlackElo "1819"]
[PlyCount "65"]
[EventDate "2016.??.??"]

1. e4 c5 2. Nf3 d6 3. d4 cxd4 4. Nxd4 Nf6 5. Nc3 a6 6. Bg5 e6 7. f4 Be7 8. Qf3
Qc7 9. O-O-O Nbd7 10. g4 b5 11. Bxf6 Bxf6 12. f5 Ne5 13. Qg3 b4 14. Nce2 Bg5+
15. Kb1 Nc4 16. h4 Be3 17. Bg2 e5 18. Nb3 a5 19. g5 a4 20. Nbc1 b3 21. cxb3
axb3 22. Nxb3 Qa7 23. Nec1 Bd7 24. Bf1 Bxc1 25. Nxc1 Ne3 26. Re1 Nxf1 27. Rhxf1
O-O 28. g6 fxg6 29. fxg6 hxg6 30. Qxg6 Bb5 31. Rxf8+ Rxf8 32. Qxd6 Qf2 33. Rd1
1-0

[Event "SR 3. liga A2 2015/2016"]
[Site "?"]
[Date "2016.03.06"]
[Round "9.3"]
[White "Sturdik, Igor"]
[Black "Abel, Peter"]
[Result "0-1"]
[WhiteElo "1984"]
[BlackElo "2178"]
[PlyCount "80"]
[EventDate "2016.??.??"]

1. e4 c6 2. d4 d6 3. Nc3 Nd7 4. Nf3 e5 5. a3 Be7 6. Bc4 Ngf6 7. O-O O-O 8. h3
b5 9. Bb3 a6 10. Be3 Bb7 11. Nd2 Qc7 12. Qe1 c5 13. d5 Rae8 14. Rd1 Kh8 15. Ne2
c4 16. Ba2 Nc5 17. Ng3 Na4 18. b4 Nc3 19. Ra1 Nd7 20. Nb1 Na4 21. Nc3 Nxc3 22.
Qxc3 Nb6 23. Qe1 Bc8 24. Ne2 Bd7 25. Nc3 f5 26. f3 f4 27. Bf2 g5 28. Kh2 Kg7
29. g4 h5 30. Kg2 Rh8 31. Qd2 Rh6 32. Rh1 Reh8 33. Qe2 Bf6 34. Raf1 Kf7 35. Qd1
Nc8 36. Nb1 Ne7 37. c3 Ng6 38. Nd2 R8h7 39. Bb1 Qc8 40. Bc2 Qh8 0-1

[Event "SR 3. liga A2 2015/2016"]
[Site "?"]
[Date "2016.03.06"]
[Round "9.3"]
[White "Nemsak, Denis"]
[Black "Puskar, Peter"]
[Result "0-1"]
[WhiteElo "2095"]
[BlackElo "2238"]
[PlyCount "58"]
[EventDate "2016.??.??"]

1. e4 c5 2. c4 Nc6 3. Nc3 g6 4. g3 Bg7 5. Bg2 e6 6. Nge2 Nge7 7. O-O O-O 8. d3
Nd4 9. a3 Nec6 10. Be3 Nxe2+ 11. Qxe2 Nd4 12. Qd1 d6 13. Rb1 Rb8 14. b4 Bd7 15.
Qd2 Re8 16. f4 b6 17. bxc5 bxc5 18. e5 Rxb1 19. Rxb1 dxe5 20. Ne4 exf4 21. Bxf4
Bc6 22. Rb8 Qxb8 23. Bxb8 Rxb8 24. Nc3 Rb3 25. Kf2 Nf5 26. Bxc6 Bxc3 27. Qd1
Rb2+ 28. Kf3 Nd4+ 29. Kg4 Nxc6 0-1